=LDR 00000nam 2200000 4500 =001 INLIS000000000012717 =005 20130612104218 =008 ***********************************Ind** =035 ##$$0010-061300000012717 =041 ##$$a Ind =082 ##$$a 613.043 2 =090 ##$$a 613.043 2, Beh i =100 ##$$a Behrawan, Richard E =245 ##$$a Ilmu kesehatan anak, Richard E. Behranan ; Ahli bahasa Mulia Radja Surgiah =260 ##$$a 1992 $b Jakarta =300 ##$$a xxii, 916, Ilus, 27 cm =650 ##$$a Anak =650 ##$$a Penyakit =650 ##$$a Pediatrika =700 ##$$a Surigiah, Mulia Raja =850 ##$$a NBPNMAT